00659nam a2200241 a 4500001001300000003000900013005001700022008004100039020001000080082001300090100001600103245002200119260004900141300000900190500003500199505001000234650001400244700001600258902000800274942000700282952011300289999001500402nice12345678IN_TiNIC20260116011517.0050524s1957 mada grp 000 0 eng  ac10000a234bNEW aNewbigin, L aSin and Salvation aMadras bChristian Literature Society c1957 a128p aincludes index and biblioraphy2 aIndex aSalvation1 aNewbigin, L bSRS cBK 001040708StackRoom-aHMIbHMId2007-06-20g100.00l0o234 NEWp04906r2007-06-20v100.00w2005-05-24yBK c2179d2179